000 00466nam a22001817a 4500
003 dpl
005 20180721151723.0
008 0
020 _a8122414486
_c0.00
035 _aB-092026
040 _aDPL
_bEN
_c0
082 _a616.98
_bSIN
100 _aSingh, D.P.
245 _aStress physiology /
_cby D.P.Singh
260 _aNew Delhi
_bNew Age International (P) Limited
_c2003
300 _aix, 175p.
_c24cm.
942 _2ddc
_cEN
_h616.98
_mSIN
999 _c154591
_d154591